Giáo dục gia đình
Đã lưu trong:
| Tác giả chính: | |
|---|---|
| Định dạng: | Sách |
| Ngôn ngữ: | Vietnamese |
| Được phát hành: |
Tp. Hồ Chí Minh
Trẻ
2001
|
| Những chủ đề: | |
| Các nhãn: |
Thêm thẻ
Không có thẻ, Là người đầu tiên thẻ bản ghi này!
|
| Thư viện lưu trữ: | Trung tâm Học liệu Lê Vũ Hùng, Trường Đại học Đồng Tháp |
|---|
| LEADER | 00660aam a22002178a 4500 | ||
|---|---|---|---|
| 001 | 00028653 | ||
| 005 | 20171026081023.0 | ||
| 008 | 120330s2001 ||||||viesd | ||
| 020 | |c 75000 | ||
| 041 | 0 | # | |a vie |
| 082 | 1 | 4 | |b GI108D |a 649 |
| 100 | 1 | # | |a Trần, Kim Bảng |
| 245 | 1 | 0 | |a Giáo dục gia đình |c Trần Kim Bảng (biên soạn) |
| 260 | # | # | |a Tp. Hồ Chí Minh |b Trẻ |c 2001 |
| 300 | # | # | |a 69tr. |c 19cm. |
| 650 | # | 4 | |a Giáo dục gia đình |
| 653 | # | # | |a Gia đình |
| 852 | # | # | |b Kho đọc |j KD.0013000 |
| 852 | # | # | |j KD.0013000 |
| 910 | |d 30/03/2012 | ||
| 980 | # | # | |a Trung tâm Học liệu Lê Vũ Hùng, Trường Đại học Đồng Tháp |